ՀՀ Գիտությունների ազգային ակադեմիայի հիմնարար գիտական գրադարան  =   Fundamental Scientific Library of NAS RA

Մեթոդական գործնական ցուցմունքներ : (Record no. 539434)

MARC details
000 -LEADER
fixed length control field 01009nam a2200193 a 4500
003 - CONTROL NUMBER IDENTIFIER
control field AM-YEHGA
005 - DATE AND TIME OF LATEST TRANSACTION
control field 20260123115051.0
008 - FIXED-LENGTH DATA ELEMENTS--GENERAL INFORMATION
fixed length control field 251128s1912 gs |||||||||||00||0|arm|d
040 ## - CATALOGING SOURCE
Original cataloging agency AM-YEHGA
041 0# - LANGUAGE CODE
Language code of text/sound track or separate title arm
001 - CONTROL NUMBER
control field 2042153
100 1# - MAIN ENTRY--PERSONAL NAME
Personal name Միրաքեան, Յ.
9 (RLIN) 4898
245 10 - TITLE STATEMENT
Title Մեթոդական գործնական ցուցմունքներ :
Remainder of title Բղխած դասաւանդութեան արդիւնքից ստացած տպաւորութիւներից /
Statement of responsibility, etc. Վրաստանի եւ Իմերէթի Հայոց եկեղեցական ծխական դպրոցների տեսուչ՝ Յ.Տէր Միրաքեան ; Հրատարակութիւն Վրաստանի եւ Իմերէթի Հայոց Թեմական Իշխանութեան.
260 ## - PUBLICATION, DISTRIBUTION, ETC.
Place of publication, distribution, etc. Թիֆլիս :
Name of publisher, distributor, etc. Հերմէս,
Date of publication, distribution, etc. 1912.
300 ## - PHYSICAL DESCRIPTION
Extent 115 էջ
650 14 - SUBJECT ADDED ENTRY--TOPICAL TERM
Topical term or geographic name entry element Միջնակարգ կրթություն
710 2# - ADDED ENTRY--CORPORATE NAME
Corporate name or jurisdiction name as entry element Հրատարակութիւն Վրաստանի եւ Իմերէթի Հայոց Թեմական Իշխանութեան
942 ## - ADDED ENTRY ELEMENTS (KOHA)
Source of classification or shelving scheme Universal Decimal Classification
Koha item type Գրքեր / Books
Holdings
Withdrawn status Lost status Source of classification or shelving scheme Damaged status Not for loan Collection Home library Current library Date acquired Total checkouts Full call number Barcode Date last seen Price effective from Koha item type Public note
    Universal Decimal Classification       Fundamental Scientific Library Fundamental Scientific Library 28/11/2025   Ղար/1021 FL0700877 28/11/2025 05/12/2025 Գրքեր / Books ILL Non-Circ.


ՀՀ ԳԱԱ հիմնարար գիտական գրադարան
ՀՀ,Երևան 0019
Մարշալ Բաղրամյան 24/6
հեռախոս:(374-10) 52-47-50
Հետադարձ կապ

All site content, except where otherwise noted, is licensed under a
Creative Commons License